000 00357nam a2200133Ia 4500
008 231017s9999 xx 000 0 und d
082 _a388.1120994
082 _bBOY
245 0 _aEconomic Evaluation of Road Investment Proposals Unit Values for Road User Costs at June 2002
245 0 _cAP-R241
260 _bAP-R241
300 _c30cm
942 _cREP
999 _c604293
_d604293